Loading...
| Science - Chemistry | 0 | 3 | 0 | 0 | 30 | 91 | 104.33 | 0 | 1 |
| Science - Other Science | 0 | 3 | 0 | 1 | 30 | 132 | 138.33 | 0 | 0 |
| Religion | 0 | 2 | 0 | 0 | 20 | 88 | 90.00 | 1 | 1 |
| History - European History | 0 | 2 | 0 | 1 | 20 | 121 | 129.50 | 0 | 0 |
| Science - Biology | 0 | 5 | 7 | 2 | 15 | 41 | 98.80 | 1 | 1 |
| Geography | 0 | 2 | 1 | 0 | 15 | 107 | 114.00 | 0 | 0 |
| Social Science | 0 | 2 | 1 | 1 | 15 | 133 | 136.50 | 0 | 0 |
| Other Academic | 0 | 1 | 0 | 1 | 10 | 145 | 145.00 | 0 | 0 |
| Fine Arts - Other Fine Arts | 0 | 1 | 0 | 0 | 10 | 119 | 119.00 | 0 | 0 |
| History - Other History | 0 | 1 | 0 | 1 | 10 | 139 | 139.00 | 0 | 0 |
| Mythology | 0 | 1 | 0 | 1 | 10 | 169 | 169.00 | 0 | 0 |
| Current Events | 0 | 1 | 0 | 0 | 10 | 122 | 122.00 | 0 | 0 |
| Science - Physics | 0 | 1 | 1 | 0 | 5 | 126 | 126.00 | 0 | 0 |
| History - American History | 0 | 1 | 1 | 1 | 5 | 137 | 137.00 | 0 | 0 |
| Philosophy | 0 | 0 | 0 | 0 | 0 | 0.00 | 0 | 0 | |
| Literature - British Literature | 0 | 0 | 1 | 0 | -5 | 0.00 | 0 | 0 |